Microsensors, MEMS, and smart devices / (Record no. 447)

MARC details
000 -LEADER
fixed length control field 01094cam a22002894a 4500
001 - CONTROL NUMBER
control field 12346937
005 - DATE AND TIME OF LATEST TRANSACTION
control field 20250224105831.0
008 - FIXED-LENGTH DATA ELEMENTS--GENERAL INFORMATION
fixed length control field 010314s2001 enka b 001 0 eng
010 ## - LIBRARY OF CONGRESS CONTROL NUMBER
LC control number 2001024353
020 ## - INTERNATIONAL STANDARD BOOK NUMBER
International Standard Book Number 9780471861096 (alk. paper)
040 ## - CATALOGING SOURCE
Original cataloging agency DLC
Transcribing agency KCST
042 ## - AUTHENTICATION CODE
Authentication code pcc
050 00 - LIBRARY OF CONGRESS CALL NUMBER
Classification number TK7875
Item number .G37 2001
082 00 - DEWEY DECIMAL CLASSIFICATION NUMBER
Classification number 621.381
Edition information 21
100 1# - MAIN ENTRY--PERSONAL NAME
Personal name Gardner, J. W.
Fuller form of name (Julian W.),
Dates associated with a name 1958-
9 (RLIN) 4539
245 10 - TITLE STATEMENT
Title Microsensors, MEMS, and smart devices /
Statement of responsibility, etc. Julian W. Gardner, Vijay K. Varadan, Osama O. Awadelkarim.
260 ## - PUBLICATION, DISTRIBUTION, ETC.
Place of publication, distribution, etc. Chichester ;
-- New York :
Name of publisher, distributor, etc. J. Wiley,
Date of publication, distribution, etc. c2001.
300 ## - PHYSICAL DESCRIPTION
Extent xvi, 503 p. :
Other physical details ill. ;
Dimensions 25 cm.
504 ## - BIBLIOGRAPHY, ETC. NOTE
Bibliography, etc. note Includes bibliographical references and index.
650 #0 - SUBJECT ADDED ENTRY--TOPICAL TERM
Topical term or geographic name entry element Microelectromechanical systems.
9 (RLIN) 1192
650 #0 - SUBJECT ADDED ENTRY--TOPICAL TERM
Topical term or geographic name entry element Detectors.
9 (RLIN) 4540
650 #0 - SUBJECT ADDED ENTRY--TOPICAL TERM
Topical term or geographic name entry element Intelligent control systems.
9 (RLIN) 4541
700 1# - ADDED ENTRY--PERSONAL NAME
Personal name Varadan, V. K.,
Dates associated with a name 1943-
9 (RLIN) 4542
700 1# - ADDED ENTRY--PERSONAL NAME
Personal name Awadelkarim, Osama O.
9 (RLIN) 4543
856 42 - ELECTRONIC LOCATION AND ACCESS
Materials specified Publisher description
Uniform Resource Identifier <a href="http://www.loc.gov/catdir/description/wiley034/2001024353.html">http://www.loc.gov/catdir/description/wiley034/2001024353.html</a>
856 4# - ELECTRONIC LOCATION AND ACCESS
Materials specified Table of Contents
Uniform Resource Identifier <a href="http://www.loc.gov/catdir/toc/onix06/2001024353.html">http://www.loc.gov/catdir/toc/onix06/2001024353.html</a>
Holdings
Withdrawn status Lost status Source of classification or shelving scheme Damaged status Not for loan Home library Current library Date acquired Cost, normal purchase price Total checkouts Total renewals Full call number Barcode Date last seen Date last checked out Price effective from Koha item type
    Dewey Decimal Classification     KCST Library KCST Library 29/06/2020 36.83 1 1 621.381 Ga Mi 1000000640 12/02/2023 08/12/2022 29/06/2020 Book
© 2025 KCST. All rights reserved